| 000 | 00537nam a2200181 i 4500 | ||
|---|---|---|---|
| 001 | 62548 | ||
| 003 | ES-MaACL | ||
| 005 | 20231227182306.0 | ||
| 007 | t| | ||
| 008 | 031124s1925 sp ||||1| spa d | ||
| 100 | 1 |
_aFernández Flórez, Wenceslao, _d1885-1964 _949790 |
|
| 245 | 1 | 0 |
_aSilencio _b: novela / _cpor Wenceslao Fernández Flórez. |
| 250 | _a3ª ed. | ||
| 260 |
_aMadrid : _b[s.n.], _c1925 ( _fSuc. de Rivadeneyra) |
||
| 300 |
_a147 p. ; _c19 cm. |
||
| 852 |
_aES-MaACL _jF-5326 _bR.4826 |
||
| 999 |
_c62548 _d62548 |
||